| 000 | 00495nam a22001937a 4500 | ||
|---|---|---|---|
| 003 | MPLRDC | ||
| 005 | 20220104114055.0 | ||
| 008 | 210129b ||||| |||| 00| 0 eng d | ||
| 020 | _a7-81014-583-5 | ||
| 082 | _a831.4 WJ | ||
| 100 | _a王军选注 | ||
| 245 |
_a韩孟诗派选集 _c廖仲安主编 |
||
| 250 | _a一版一刷 | ||
| 260 |
_a _b北京范学院出版社 _c1993 |
||
| 300 | _b平 | ||
| 490 | _a唐宋诗词流派选集丛书 | ||
| 650 | _a唐诗总集 | ||
| 942 |
_cBK _o831.4 WJ |
||
| 999 |
_c4611 _d4601 |
||